Zefektívnenie prehliadania Webu na základe identifikácie úlohy používateľa

Uložené v:
Podrobná bibliografia
Hlavný autor: Korbeľ, Michal (Autor)
Ďalší autori: Labaj, Martin (Vedúci práce)
Médium: Rukopis Kniha
Jazyk:Slovak
Vydavateľské údaje: 2017
Predmet:
On-line prístup:http://is.stuba.sk/zp/portal_zp.pl?podrobnosti=126955
Tagy: Pridať tag
Žiadne tagy, Buďte prvý, kto otaguje tento záznam!

MARC

LEADER 00000ntm a22000003a 4500
001 stuzp64602
003 SK-STU
005 20170624213636.0
007 ta
008 150427s2015----xo-----f-mn---000-0-slo-d
040 |a STU  |b slo 
041 0 |a slo 
100 1 |a Korbeľ, Michal  |u 070200  |4 aut  |U FIIT Fakulta informatiky a informačných technológií  |T FIIT Ústav informatiky, informačných systémov a softvérového inžinierstva  |X 52556  |U I200  |Y 179  |7 52556 
242 0 1 |a Streamlining the Web Browsing based on User Task Identification  |y eng 
245 1 0 |a Zefektívnenie prehliadania Webu na základe identifikácie úlohy používateľa 
260 |c 2017 
650 4 |a web  |2 slo 
650 4 |a paralelné prehliadanie  |2 slo 
650 4 |a odporúčanie  |2 slo 
650 4 |a identifikácia cieľa používateľa  |2 slo 
650 4 |a web  |2 eng 
650 4 |a parallel browsing  |2 eng 
650 4 |a user task identification  |2 eng 
650 4 |a recommendation  |2 eng 
700 1 |a Labaj, Martin  |4 ths  |X 36263  |7 36263 
856 4 |u http://is.stuba.sk/zp/portal_zp.pl?podrobnosti=126955